| 000 | 00633nam a2200193 i 4500 | ||
|---|---|---|---|
| 001 | 189377 | ||
| 003 | SpMaBN | ||
| 005 | 20250930063200.0 | ||
| 008 | 190527s1965 sp |||| |dspa d | ||
| 080 | _a821.134.2-82"15" | ||
| 100 | 0 |
_aGarcilaso de la Vega, _d1501-1536 _955471 |
|
| 245 | 1 | 0 |
_aObras / _cGarcilaso ; [prólogo, Julián Sanz]. |
| 260 |
_aValladolid : _bMiñón, _c[1965] |
||
| 300 |
_aXIV, 7-227 p. ; _c16 cm. |
||
| 490 | 1 |
_aClásicos castellanos. _aBiblioteca de bolsillo |
|
| 830 | 0 |
_aClásicos castellanos. _aBiblioteca de bolsillo _9225818 |
|
| 852 |
_aES-MaACL _jL-32372 |
||
| 999 |
_c189377 _d189377 |
||